000 00478nam a2200181Ia 4500
005 20240913130045.0
008 240913s9999||||xx |||||||||||||| ||und||
041 _aENGLISH
082 _A305.231 Q7
100 _aHurlock,Elizabeth
245 0 _aChild Development
250 _a6th
260 _c2017
_bMcGraw - Hill Higher Educ
_aNew York
500 _aREFERENCE
650 _aHuman Genetics and Molecular Biology
_bAllied Health Science
942 _cREF
999 _c246869
_d246869